Normal view
MARC view
- Healthcare Biotechnology
Entry Uniform Title
001 - CONTROL NUMBER
- control field: 13962
003 - CONTROL NUMBER IDENTIFIER
- control field: NUST
005 - DATE AND TIME OF LATEST TRANSACTION
- control field: 20190326060321.0
008 - FIXED-LENGTH DATA ELEMENTS
- fixed length control field: 190326|| aca||aabn | a|a d
040 ## - CATALOGING SOURCE
- Original cataloging agency: NUST
- Transcribing agency: NUST
130 ## - HEADING--UNIFORM TITLE
- Uniform title: Healthcare Biotechnology
- Title of a work: P2 receptors expression
- Form subdivision: ATP induced purinergic signaling
- General subdivision: Human hepatocellular carcinoma cells
670 ## - SOURCE DATA FOUND
- Source citation: Work cat.: (NUST): Madiha Khalid-sup-Dr. Sobia Manzoor 13961, Th-PhD-Role of P2 receptor expression in ATP-Induced purinergic signaling and cell migration in human hepatocellular carcinoma cells , 2018.
